000 00279nam a2200109Ia 4500
001 1268606
005 20260417145253.0
008 260417s9999 xx 000 0 und d
020 _a9786256309425
245 0 _aİslam Şehirleri Atlası
_cTaha Kılınç
260 _bKetebe Çocuk
999 _c1268606
_d1268606